000
00347nam a2200157Ia 4500
005
20250423101121.0
008
250422s9999 xx 000 0 und d
020
_a
0-618-82748-0
245
0
_a
Texas Math
260
_a
BOSTON
260
_b
HOUGHTON MIFFIN COMPANY
260
_c
2009
300
_a
604 p
650
_a
Mathematics
942
_c
BK
999
_c
35337
_d
35337